JIS hand book : (Record no. 16641)
[ view plain ]
| 000 -LEADER | |
|---|---|
| fixed length control field | 00933nam a2200253 a 4500 |
| 001 - CONTROL NUMBER | |
| control field | 16641 |
| 003 - CONTROL NUMBER IDENTIFIER | |
| rucl marc code | BD-RjUL |
| 005 - DATE AND TIME OF LATEST TRANSACTION | |
| control field | 20211209000032.0 |
| 008 - FIXED-LENGTH DATA ELEMENTS--GENERAL INFORMATION | |
| fixed length control field | 140215s19754 ja a f 000 0 eng d |
| 035 ## - SYSTEM CONTROL NUMBER | |
| System control number | (BD-RjUL)16696 |
| 040 ## - CATALOGING SOURCE | |
| Original cataloging agency | BD-RjUL |
| Language of cataloging | eng |
| Transcribing agency | BD-RjUL |
| Modifying agency | BD-RjUL |
| 041 1# - LANGUAGE CODE | |
| Language code of text/sound track or separate title | "translation is not guaranteed" |
| 082 ## - DEWEY DECIMAL CLASSIFICATION NUMBER | |
| Classification number | 669.23 |
| Author mark and year | JIS 1974 |
| 245 00 - TITLE STATEMENT | |
| Title | JIS hand book : |
| Remainder of title | ferrous materials and metallurgy / |
| Statement of responsibility, etc. | edited and published by Japanese Standards Association |
| 260 ## - PUBLICATION, DISTRIBUTION, ETC. (IMPRINT) | |
| Place of publication, distribution, etc. | Tokyo : |
| Name of publisher, distributor, etc. | Japanese Standards Association, |
| Date of publication, distribution, etc. | 1974 |
| 300 ## - PHYSICAL DESCRIPTION | |
| Pagination | 1331 p : |
| Illustrations | ill ; |
| Size | 22 cm |
| 506 ## - RESTRICTIONS ON ACCESS NOTE | |
| Terms governing access | Not for sale |
| 650 #0 - SUBJECT ADDED ENTRY--TOPICAL TERM | |
| Topical term or geographic name as entry element | Iron industry and trade |
| Geographic subdivision | Japan |
| General subdivision | Handbooks, manuals, etc |
| 9 (RLIN) | 51410 |
| Topical term or geographic name as entry element | Steel industry and trade |
| Geographic subdivision | Japan |
| General subdivision | Handbooks, manuals, etc |
| 9 (RLIN) | 51411 |
| Topical term or geographic name as entry element | Metallurgy - Handbooks, manuals, etc. |
| 9 (RLIN) | 39619 |
| 710 2# - ADDED ENTRY--CORPORATE NAME | |
| Corporate name or jurisdiction name as entry element | Nihon Kikaku Kyōkai. |
| 9 (RLIN) | 51412 |
| Corporate name or jurisdiction name as entry element | Nihon Tekkō Yushutsu Kumiai. |
| 9 (RLIN) | 51413 |
| 942 ## - ADDED ENTRY ELEMENTS (KOHA) | |
| Source of classification or shelving scheme | Dewey Decimal Classification |
| Koha item type | Books |
| Lost status | Source of classification or shelving scheme | Damaged status | Not for loan | Collection code | Permanent Location | Current Location | Shelving location | Date acquired | Source of acquisition | Total Checkouts | Full call number | Date last seen | Copy number | Koha item type |
|---|---|---|---|---|---|---|---|---|---|---|---|---|---|---|
| Dewey Decimal Classification | Not For Loan | Non-fiction | Central Library, University of Rajshahi | Central Library, University of Rajshahi | Reading Room | 07/04/1978 | Zeitlinger | 669.23 JIS 1974 | 15/02/2014 | C-1 | Books |